Významná pomoc rozhodcovským komisiám

Bibliographic Details
Main Authors: -til- (Author), Navrátil, Oldřich (Author)
Format: Article
Language:Slovak
Subjects:

MARC

LEADER 00000nab a2200000 a 4500
001 vtls000023909
003 SK-MaSNL
005 20260303031023.0
008 190108c1979 xo 0 slo
015 |a SNBRB19rr/mm-uuuuu 
035 |a CL0034003 
040 |a SNKBUCL  |b slo  |c SNKBUCL  |e AACR2 
041 0 |a slo 
044 |a xo  |c SK 
080 |a 331.88(437)  |2 1981 
080 |a 331.1  |2 1981 
080 |a 351.83  |2 1981 
100 1 |a -til-  |4 aut  |9 1012828 
245 1 0 |a Významná pomoc rozhodcovským komisiám  |c -til- ; Oldřich Navrátil 
500 |a /Dokončenie./ 
610 2 7 |a Revolučné odborové hnutie  |2 SNKKA  |9 36449 
655 7 |a články z novín a časopisov  |2 snkbucl  |9 267496 
700 1 |a Navrátil, Oldřich  |4 aut  |9 278951 
773 0 |t Odborár  |g Roč. 33, č. 3 (1979), s. 29-30 
850 |a Slovenská národná knižnica v Martine  |a MTA001 
852 |a SNK  |b KIS3GCP 
958 |a RK 
992 |a RBX 
999 |c 1655494  |d 1657424